| 000 | 00759npc a2200241Ia 4500 | ||
|---|---|---|---|
| 001 | onu22-30523 | ||
| 003 | IT-MiCISF | ||
| 008 | 161014s9999||||xx | und|| | ||
| 040 |
_aIT-MiCISF _cIT-MiCISF |
||
| 041 | _aen | ||
| 100 | _aLindgren Jarl | ||
| 240 | _aSocio-Economic Status and Living Arrangements of Older Persons in Finland | ||
| 245 | 0 | _aSocio-Economic Status and Living Arrangements of Older Persons in Finland | |
| 250 | _a1a ed. | ||
| 260 |
_a Geneva _bUnited Nations _c1999 |
||
| 300 | _app. 134 | ||
| 500 | _a / anziani, situazione-demografica, abitazione, reddito, famiglia, pensionamento / | ||
| 650 | _aterza-età | ||
| 700 | _aMiettinen Anneli | ||
| 700 | _aNieminen Mauri | ||
| 942 | _cDD | ||
| 957 | _71 | ||
| 999 |
_a30523 _bsi _g1 _c206018 _d206018 |
||